ISBD (A) (Record no. 1811)

MARC details
000 -CABECERA
campo de control de longitud fija 01261nam a2200253 a 4500
001 - NÚMERO DE CONTROL
campo de control BRCA_2046
005 - FECHA Y HORA DE LA ÚLTIMA TRANSACCIÓN
campo de control 20190320203640.0
008 - DATOS DE LONGITUD FIJA--INFORMACIÓN GENERAL
campo de control de longitud fija 010808s1993----sp-#---###---#000-0#spa-#
020 ## - NÚMERO INTERNACIONAL ESTÁNDAR DEL LIBRO
Número Internacional Estándar del Libro 8488716028
020 ## - NÚMERO INTERNACIONAL ESTÁNDAR DEL LIBRO
Número Internacional Estándar del Libro 8476351364
050 #4 - SIGNATURA TOPOGRÁFICA DE LA BIBLIOTECA DEL CONGRESO
Número de clasificación Z694
Número de documento/Ítem .I83 1993
245 10 - MENCIÓN DE TÍTULO
Título ISBD (A)
Resto del título descripción bibliográfica internacional normalizada para publicaciones monográficas antiguas
Mención de responsabilidad, etc. traducción Ana Baltar Gómez, Fabiola Labella Rivas, Luis Villén Rueda ; revisada por María Jesús López Bernaldo de Quirós, María Pilar Palá Gasós.
250 ## - MENCIÓN DE EDICIÓN
Mención de edición 2
260 ## - PUBLICACIÓN, DISTRIBUCIÓN, ETC.
Lugar de publicación, distribución, etc. Madrid
Nombre del editor, distribuidor, etc. ANABAD : Arco/Libros
Fecha de publicación, distribución, etc. 1993
300 ## - DESCRIPCIÓN FÍSICA
Extensión xiv, 120 p.
Dimensiones 24 cm.
500 ## - NOTA GENERAL
Nota general Edición recomendada por el Grupo de Estudio sobre la Descripción Bibliográfica Internacional Normalizada para Publicaciones Monográficas Antiguas. Aprobada por los Comités Permanentes de la Sección de Catalogación de la IFLA y de la Sección de Libros raros y Manuscritos de la IFLA
500 ## - NOTA GENERAL
Nota general Incluye índice alfabético
650 14 - PUNTO DE ACCESO ADICIONAL DE MATERIA--TÉRMINO DE MATERIA
Término de materia o nombre geográfico como elemento de entrada Catalogación descriptiva
9 (RLIN) 6244
650 14 - PUNTO DE ACCESO ADICIONAL DE MATERIA--TÉRMINO DE MATERIA
Término de materia o nombre geográfico como elemento de entrada Libros impresos antiguos
Subdivisión general Catalogación
9 (RLIN) 6245
700 1# - PUNTO DE ACCESO ADICIONAL--NOMBRE DE PERSONA
Nombre de persona Baltar Gómez, Ana
9 (RLIN) 6246
700 1# - PUNTO DE ACCESO ADICIONAL--NOMBRE DE PERSONA
Nombre de persona Labella Rivas, Fabiola
9 (RLIN) 6247
700 1# - PUNTO DE ACCESO ADICIONAL--NOMBRE DE PERSONA
Nombre de persona López Bernaldo de Quirós, María Jesús
9 (RLIN) 6248
942 ## - ELEMENTOS DE PUNTO DE ACCESO ADICIONAL (KOHA)
Fuente del sistema de clasificación o colocación Library of Congress Classification
Tipo de ítem Koha Libros
Holdings
Estado de retiro Estado de pérdida Estado dañado No para préstamo Localización permanente Ubicación/localización actual Fecha de adquisición Total de préstamos Signatura topográfica completa Código de barras Fecha visto por última vez Precio válido a partir de Tipo de ítem Koha
El ejemplar forma parte de la colección y puede ser consultado según las políticas vigentes.       Biblioteca del Museo Franz Mayer (Rogerio Casas-Alatriste) Biblioteca del Museo Franz Mayer (Rogerio Casas-Alatriste) 01/08/2008   Z694 .I83 1993 00461 22/03/2019 22/03/2019 Libros